[Event "Anapa op"]
[Site "Anapa"]
[Date "2012.09.07"]
[Round "8"]
[White "Isaev, Evgeny"]
[Black "Karamanov, Dmitry"]
[Result "0-1"]
[WhiteElo "1926"]
[BlackElo "2198"]
[PlyCount "66"]
[EventDate "2012.08.30"]
[EventType "swiss"]
[EventRounds "9"]
[EventCountry "RUS"]
[SourceTitle "CBM 150 Extra"]
[Source "ChessBase"]
[SourceDate "2012.10.19"]
[SourceVersion "1"]
[SourceVersionDate "2012.10.19"]
[SourceQuality "1"]

1. d4 g6 2. c4 Bg7 3. Nc3 d6 4. e4 Nd7 5. f3 e5 6. Be3 Ne7 7. d5 f5 8. g3 0-0 9. Nge2 a6 10. Bh3 Nf6 11. Qd2 Kh8 12. Bg2 Bd7 13. 0-0 Nh5 14. c5 Rf7 15. Rab1 Qg8 16. b4 Raf8 17. b5 dxc5 18. bxa6 b6 19. d6 cxd6 20. Qxd6 Nc8 21. Qd3 Bc6 22. Nd5 Rd7 23. Qa3 Bxd5 24. exd5 Nf6 25. Nc3 Nxd5 26. Nxd5 Qxd5 27. Rfd1 Qc6 28. Rxd7 Qxd7 29. Bxc5 bxc5 30. Rb7 Qd4+ 31. Kf1 e4 32. a7 Qd1+ 33. Kf2 Bd4+ 0-1

[Event "Anapa op"]
[Site "Anapa"]
[Date "2012.09.05"]
[Round "6"]
[White "Isaev, Evgeny"]
[Black "Baraeva, Marina"]
[Result "0-1"]
[WhiteElo "1926"]
[BlackElo "2187"]
[PlyCount "90"]
[EventDate "2012.08.30"]
[EventType "swiss"]
[EventRounds "9"]
[EventCountry "RUS"]
[SourceTitle "CBM 150 Extra"]
[Source "ChessBase"]
[SourceDate "2012.10.19"]
[SourceVersion "1"]
[SourceVersionDate "2012.10.19"]
[SourceQuality "1"]

1. d4 d5 2. c4 c6 3. Nc3 Nf6 4. Nf3 dxc4 5. a4 Bf5 6. e3 e6 7. Bxc4 Bb4 8. 0-0 0-0 9. Qe2 Bg6 10. Ne5 Nbd7 11. Nxg6 hxg6 12. Rd1 Qe7 13. e4 e5 14. d5 a5 15. Be3 Rfd8 16. Rac1 Nc5 17. Bxc5 Bxc5 18. Rd3 Bd4 19. Qf3 Qb4 20. Ne2 cxd5 21. Bxd5 Nxd5 22. exd5 e4 23. Rb3 exf3 24. Rxb4 axb4 25. Nxd4 fxg2 26. b3 Rxd5 27. Rc4 Rad8 28. Nb5 Rg5 29. Rc1 Rd2 30. Rb1 Rf5 31. Kxg2 Rfxf2+ 32. Kg3 Rg2+ 33. Kf3 Rxh2 34. Kg3 Rb2 35. Rc1 Rhd2 36. Rc8+ Kh7 37. Rc7 Rxb3+ 38. Kf4 Rf2+ 39. Ke5 Re3+ 40. Kd4 Re1 41. Rxb7 b3 42. a5 b2 43. Nc3 Rd2+ 44. Kc4 Rc2 45. Kd3 Rxc3+ 0-1

[Event "Anapa op"]
[Site "Anapa"]
[Date "2012.09.03"]
[Round "4"]
[White "Golovin, Leonid"]
[Black "Isaev, Evgeny"]
[Result "1-0"]
[WhiteElo "2486"]
[BlackElo "1926"]
[PlyCount "77"]
[EventDate "2012.08.30"]
[EventType "swiss"]
[EventRounds "9"]
[EventCountry "RUS"]
[SourceTitle "CBM 150 Extra"]
[Source "ChessBase"]
[SourceDate "2012.10.19"]
[SourceVersion "1"]
[SourceVersionDate "2012.10.19"]
[SourceQuality "1"]

1. e4 c5 2. Nf3 Nc6 3. g3 d6 4. Bg2 Nf6 5. d3 g6 6. 0-0 Bg7 7. Re1 Qc7 8. c3 0-0 9. Na3 a6 10. d4 cxd4 11. cxd4 d5 12. e5 Ne8 13. Qb3 Bg4 14. Be3 Bxf3 15. Bxf3 e6 16. Rac1 Qe7 17. Be2 f6 18. f4 g5 19. Nc2 gxf4 20. gxf4 f5 21. Kh1 Bh6 22. Rg1+ Kh8 23. Ne1 Qb4 24. Qxb4 Nxb4 25. a3 Nc6 26. Nd3 Nc7 27. Nb4 Rab8 28. Nxc6 bxc6 29. Rxc6 Rxb2 30. Bxa6 Rb3 31. Bc1 Nxa6 32. Rxe6 Bxf4 33. Bxf4 Rxa3 34. Bh6 Rc8 35. Bg5 h5 36. Bf6+ Kh7 37. Re7+ Kh6 38. Bg5+ Kg6 39. Bf4+ 1-0

[Event "Kostroma Volga Cup op"]
[Site "Kostroma"]
[Date "2009.07.??"]
[Round "1"]
[White "Myshkin, Nikita"]
[Black "Isaev, Evgeny"]
[Result "1-0"]
[WhiteElo "2092"]
[BlackElo "1909"]
[PlyCount "59"]
[EventDate "2009.07.03"]
[EventType "swiss"]
[EventRounds "9"]
[EventCountry "RUS"]
[SourceTitle "EXT 2021"]
[Source "ChessBase"]
[SourceDate "2020.10.23"]
[SourceVersion "1"]
[SourceVersionDate "2020.10.23"]
[SourceQuality "1"]

1. d4 e6 2. Nf3 Nf6 3. c4 b6 4. g3 Bb7 5. Bg2 Bb4+ 6. Nbd2 0-0 7. 0-0 Be7 8. Qc2 c5 9. dxc5 Bxc5 10. a3 Qc7 11. b4 Be7 12. Bb2 d6 13. Rac1 Nbd7 14. Qb1 Rac8 15. e4 Qb8 16. Nd4 d5 17. cxd5 exd5 18. Nf5 Bd6 19. Rxc8 Bxc8 20. exd5 Be5 21. Rc1 Bb7 22. Ne7+ Kh8 23. Nc6 Bxc6 24. dxc6 Bxb2 25. Qxb2 Qe5 26. Qxe5 Nxe5 27. c7 Rc8 28. Bb7 Nd3 29. Bxc8 Nxc1 30. Ba6 1-0